<?xml version="1.0" encoding="UTF-8"?>
<resp>
  <nextPage>https://data.bn.org.pl/api/networks/bibs.marcxml?marc=001+b00001150001967&amp;sinceId=1150001968</nextPage>
  <collection>
    <record xmlns='http://www.loc.gov/MARC21/slim'><leader>01150namZa2200349ZiZ4500</leader><controlfield tag='001'>b00001150001967</controlfield><controlfield tag='005'>20241203215609.4</controlfield><controlfield tag='008'>230609s        pl           |000 0 pol c</controlfield><controlfield tag='009'>9913262196605606</controlfield><datafield ind1=' ' ind2=' ' tag='020'><subfield code='a'>9788371185137</subfield></datafield><datafield ind1=' ' ind2=' ' tag='035'><subfield code='a'>KR_1KR_1_20120317235801074684-48omnis_kr</subfield></datafield><datafield ind1=' ' ind2=' ' tag='035'><subfield code='a'>KR_1_20120317235801074684</subfield><subfield code='9'>ExL</subfield></datafield><datafield ind1=' ' ind2=' ' tag='035'><subfield code='a'>(PL)b00001150001967</subfield></datafield><datafield ind1=' ' ind2=' ' tag='040'><subfield code='a'>KR_1</subfield><subfield code='c'>KR_1</subfield></datafield><datafield ind1='0' ind2=' ' tag='041'><subfield code='a'>pol</subfield></datafield><datafield ind1='1' ind2=' ' tag='100'><subfield code='a'>Stańczewska, Aleksandra</subfield></datafield><datafield ind1='1' ind2='0' tag='245'><subfield code='a'>Nie lubię jeść /</subfield><subfield code='c'>[tekst Aleksandra Stańczewska ; il. Agnieszka Borkowska].</subfield></datafield><datafield ind1=' ' ind2=' ' tag='260'><subfield code='a'>Kraków :</subfield><subfield code='b'>&quot;Aksjomat&quot;,</subfield><subfield code='c'>2008.</subfield></datafield><datafield ind1=' ' ind2=' ' tag='300'><subfield code='a'>12 s. :</subfield><subfield code='b'>il. kolor. ;</subfield><subfield code='c'>19 cm.</subfield></datafield><datafield ind1='1' ind2=' ' tag='490'><subfield code='a'>Julka Poznaje Świat</subfield></datafield><datafield ind1=' ' ind2=' ' tag='500'><subfield code='a'>d</subfield></datafield><datafield ind1='8' ind2=' ' tag='521'><subfield code='a'>Dla dzieci w wieku 2-4 lat.</subfield></datafield><datafield ind1=' ' ind2='9' tag='650'><subfield code='a'>Opowiadanie dziecięce polskie</subfield><subfield code='y'>21 w.</subfield></datafield><datafield ind1='1' ind2=' ' tag='700'><subfield code='a'>Borkowska, Agnieszka</subfield><subfield code='e'>Il.</subfield></datafield><datafield ind1=' ' ind2=' ' tag='852'><subfield code='b'>48OMNIS_NETWORK</subfield><subfield code='8'>9913262196605606</subfield></datafield><datafield ind1=' ' ind2=' ' tag='852'><subfield code='b'>48OMNIS_CHE</subfield><subfield code='8'>99156095407771</subfield></datafield><datafield ind1=' ' ind2=' ' tag='852'><subfield code='b'>48OMNIS_KR</subfield><subfield code='8'>991000019669708216</subfield></datafield><datafield ind1=' ' ind2=' ' tag='852'><subfield code='8'>2248549980007771</subfield><subfield code='j'>1</subfield><subfield code='b'>CHE_3_FL</subfield><subfield code='p'>K000L6880</subfield><subfield code='c'>FL_WYP</subfield></datafield><datafield ind1=' ' ind2=' ' tag='920'><subfield code='a'>978-83-7118-513-7</subfield></datafield></record>
  </collection>
</resp>
